000 01255cam a22003497a 4500
003 CHAP
005 20220329142204.0
008 000204d mx ab r 00110 spa d
010 _a79713
011 _a80685
035 _a91136
040 _cCHAP
090 _aTesis
100 0 0 _aVelasco Reyes, Irma.
_9118433
245 1 4 _aLos principales tipos de vegetación en el estado de Chiapas
_c/por Irma Velasco Reyes
260 _aChapingo, Méx. :
_bEl autor,
_c1999.
300 _a149 h. :
_bilus. ; gráfs. ; mapas ; tablas
502 _aTesis (Ing. en Planeación y Manejo de los Recursos Naturales Renovables) -- UACH. Departamento de Suelos
590 _aALEPH
_b10
_c20130110
_lUCH01
_h1433
590 _aBATCH-UPD
_b10
_c20130110
_lUCH01
_h1841
590 _aBATCH-UPD
_b10
_c20130410
_lUCH01
_h1212
590 _aBATCH-UPD
_b10
_c20130914
_lUCH01
_h0737
590 _aCONVERSION
_b10
_c20130109
_lUCH01
_h1344
650 1 4 _aBotánica
_zChiapas.
_914639
650 1 4 _aGeografía física.
_947590
901 _aBK
905 _aPatricia Mendoza P.
942 _cFOLL
949 _bBC
_cTES
_d33724000751558
_eTS2
_fc.3
_h35333
_i91136
_si
949 _bBC
_cTES
_d33724000751566
_eTS2
_fc.2
_h35332
_i91136
_si
949 _bBC
_cTES
_d911361
_eTS1
_h35331
_i91136
_sb
999 _c79713
_d79713